|
|
|
|
| LEADER |
01705cam a2200349 7i4500 |
| 001 |
0000037597 |
| 005 |
20170508090000.0 |
| 008 |
110323 eng |
| 020 |
|
|
|a 9781412972369 (pbk.)
|
| 020 |
|
|
|a 1412972361 (pbk.)
|
| 090 |
0 |
0 |
|a LB1029.P67
|b J26 2010
|
| 100 |
1 |
|
|a Johnson, Ruth S
|
| 245 |
1 |
0 |
|a Developing portfolios in education :
|b a guide to reflection, inquiry, and assessment
|c Ruth S. Johnson, J. Sabrina Mims-Cox, Adelaide Doyle-Nichols.
|
| 250 |
|
|
|a 2nd ed.
|
| 260 |
|
|
|a Los Angeles:
|b SAGE,
|c 2010.
|
| 300 |
|
|
|a xx, 239 p.:
|b ill.;
|c 24 cm..
|
| 501 |
|
|
|a With CD-ROM : Developing portfolios in education : a guide to reflection, inquiry, and assessment / Ruth S. Johnson, J. Sabrina Mims-Cox, Adelaide Doyle-Nichols
|
| 504 |
|
|
|a Includes bibliographical references and index
|
| 650 |
0 |
0 |
|a Teacher --
|x Training of --
|z United States
|
| 650 |
0 |
0 |
|a Teacher --
|x Rating of --
|z United States
|
| 650 |
0 |
0 |
|a Portfolios in education --
|x Evaluation --
|z United States
|
| 650 |
0 |
0 |
|a Portfolios in education --
|z United States
|
| 700 |
1 |
|
|a Doyle-Nichols, Adelaide
|
| 700 |
1 |
|
|a Mims-Cox, J. Sabrina
|
| 997 |
|
|
|a Education & Social Sciences, Faculty
|b Education, Department
|
| 998 |
|
|
|a Education Management, Master
|
| 999 |
|
|
|a 0000048241
|b BOK
|c OPEN SHELF
|e 1st Floor, Bestari Jaya
|
| 999 |
|
|
|a 0000048242
|b BOK
|c OPEN SHELF
|e 1st Floor, Bestari Jaya
|
| 999 |
|
|
|a 0000048243
|b BOK
|c OPEN SHELF
|e 1st Floor, Bestari Jaya
|
| 999 |
|
|
|a CDR0001819
|b CD-ROM
|c OPEN SHELF
|e Circulation Counter, Bestari Jaya
|
| 999 |
|
|
|a CDR0001820
|b CD-ROM
|c OPEN SHELF
|e Circulation Counter, Bestari Jaya
|
| 999 |
|
|
|a CDR0001821
|b CD-ROM
|c OPEN SHELF
|e Circulation Counter, Bestari Jaya
|